000 00447nam a2200181Ia 4500
999 _c33530
_d33530
003 0100
005 20170228094528.0
008 130303s9999 xx 000 0 und d
040 _cARRUPELIB
050 _aBR60.R5 1970
245 _aEarly Christian Fathers
260 _aNew York
260 _bMacmillan Publishing Company, Inc.
300 _a415p.
300 _b 22cm.
650 _aCHRISTIANITY
_929115
700 _aRichardson , Cyril C. (ed.) et. al.
_929116
942 _2lcc
_cMONOGRAPH